=LDR 00000nam 2200000 4500 =001 INLIS000000000002284 =005 20130612090632 =008 ***********************************Ind** =035 ##$$0010-061300000002284 =041 ##$$a Ind =082 ##$$a 922.94 =090 ##$$a 922.94, Kas k =100 ##$$a Kasturi,N =245 ##$$a Kebenaran,kebajikan dan keindahan (Sathya Sivans Sundaran), kisah kehidupan Bhgagawan Sri Sathya Sai Baba, N.Kasturi,M.A.,B.L.;alih bahasa,Dra. Retno Bintoro =260 ##$$a 1981 $b Jakarta =300 ##$$a ...jil, ilus, 21 cm =650 ##$$a Biografi Hindu =700 ##$$a Bintoro,Retno =850 ##$$a NBPNMAT